000 00366nam a22001457a 4500
005 20250321154751.0
008 250321b |||||||| |||| 00| 0 eng d
041 _aEng.
100 _aOturkar, A. & Khan G.
_9211693
245 _aOrganisational Behaviour Sem.- II ( F.Y.B.B.A. )
250 _a1st ed.
260 _aPune
_bNirali
300 _aA.2
942 _cBK
999 _c365695
_d365695